000 00587nam a2200205Ia 4500
003 GCL
008 140319s9999 xx 000 0 ara d
040 _aGCL /
_cGCL
082 0 4 _a910.03
_bس ق
100 1 _aسيد احمد الناصرى
245 1 0 _aقصة التاريخ القديم /
_cسيد احمد الناصرى
260 _a[S.N] :
_bلا يوجد ،
_c1971
300 _a157 ص
490 _a
650 0 4 _aالحضارة
650 0 4 _aالتاريخ
650 0 4 _aالحضارة الاغريقية
650 0 4 _aالحضارة القديمة
942 _2ddc
_cBK
999 _c36458
_d36458